000 00394nam a2200157Ia 4500
003 GCL
008 140319s9999 xx 000 0 eng d
040 _aGCL /
_cGCL
082 0 4 _a664.028
_bH A
245 1 0 _aASEPTICS PROCESSING AND PACKING OF FOOD PRODUCTS
260 _a[S.N] :
_bABT AKVERT SKIRA S.A
300 _a428 P
650 0 4 _aASEPTIC
650 0 4 _aFOOD PACKAGING
942 _2ddc
_cBK
999 _c17618
_d17618